Olimpíada argentina de biología [cd-rom]

Guardado en:
Formato: Libro
Publicado: Río Cuarto : Facultad de Ciencias exactas, s/f
Materias:
Etiquetas: Agregar Etiqueta
Sin Etiquetas, Sea el primero en etiquetar este registro!
LEADER 00475nam a22001575a 4500
001 CEM.cems018057
005 20130906111339.0
008 130507b######################000#0#####d
003 CEMS
082 0 4 |a CD574 
245 0 0 |a Olimpíada argentina de biología [cd-rom] 
260 |a Río Cuarto :  |b Facultad de Ciencias exactas, s/f 
300 |a 1 CD-ROM 
653 |a Biología 
653 |a Olimpíada argentina de biología 
859 |a CEMS  |b BIB. CEMS - Agricultura  |h CD574  |i Un38  |p A0062.013  |t Ej.1